[Event "Challenge"]
[Site "http://www.queenalice.com/game.php?id=1404518"]
[Date "2016.1.16"]
[Round "-"]
[White "brouqui"]
[Black "szachograjek"]
[Result "1/2-1/2"]
[WhiteElo "1779"]
[BlackElo "2200"]

1. e4 e6 2. d4 d5 3. exd5 exd5 4. Nc3 c6 5. Nf3 Bg4 6. Be2 Bd6 7. h3 Bh5 8. O-O
Qc7 9. Re1 Nd7 10. Ng5 Bxe2 11. Qxe2+ Kf8 12. Qf3 Ndf6 13. h4 h6 14. Nh3 Qd7 15.
Bf4 Bb4 16. a3 Bxc3 17. Qxc3 g6 18. Be5 Kg7 1/2-1/2

[Event "Good Game 1"]
[Site "http://www.queenalice.com/game.php?id=1408190"]
[Date "2016.2.8"]
[Round "-"]
[White "brouqui"]
[Black "Scooby_99"]
[Result "1-0"]
[WhiteElo "1803"]
[BlackElo "1811"]

1. e4 e5 2. Nf3 Qe7 3. Nc3 c6 4. d4 exd4 5. Qxd4 d6 6. Be2 Nf6 7. O-O g6 8. Re1
Be6 9. Bg5 Bg7 10. Bc4 O-O 11. Bxe6 fxe6 12. e5 Nd5 13. Bxe7 1-0

[Event "Good Game 1"]
[Site "http://www.queenalice.com/game.php?id=1409132"]
[Date "2016.2.14"]
[Round "-"]
[White "brouqui"]
[Black "bobifixer"]
[Result "1/2-1/2"]
[WhiteElo "1809"]
[BlackElo "1938"]

1. e4 c5 2. Nf3 d6 3. d4 cxd4 4. Nxd4 Nf6 5. Nc3 a6 6. Be2 e6 7. O-O Be7 8. Re1
O-O 9. Bd3 b5 10. Nf3 Bb7 11. e5 dxe5 12. Nxe5 Qc7 13. Ng4 Nc6 14. Ne4 Nxg4 15.
Qxg4 Ne5 16. Qg3 Rac8 17. Bh6 Ng6 18. Qxc7 Rxc7 19. Be3 Bxe4 20. Bxe4 Bf6 21. c3
Rfc8 22. Bb6 Rd7 23. Ba5 Ne5 24. b3 Nc6 25. Bxc6 Rxc6 26. Rac1 g6 27. c4 bxc4
28. Rxc4 Rxc4 29. bxc4 Bd8 30. Bxd8 Rxd8 31. Kf1 Kf8 32. Ke2 Rc8 33. Rc1 Ke7 34.
Kd3 Kd6 35. Rb1 Rc6 36. f4 f5 37. Kd4 h6 38. h4 g5 39. fxg5 hxg5 40. hxg5 e5+
41. Kc3 Kc5 42. Rd1 Rg6 43. Rd5+ Kc6 44. Rxe5 Rxg5 45. Re2 Kc5 46. Re5+ Kb6 47.
g4 Rxg4 48. Rxf5 Rg3+ 49. Kb4 Rg2 50. Rf6+ Kb7 51. a4 Rg1 52. Ka5 Rc1 53. Rxa6
Rxc4 54. Rh6 Rc5+ 55. Kb4 Rg5 56. a5 Ka7 57. Rc6 Rf5 58. Rc5 Rxc5 59. Kxc5 Ka6
60. Kb4 Ka7 61. Kb5 Kb7 62. a6+ 1/2-1/2

[Event "Good Game 2"]
[Site "http://www.queenalice.com/game.php?id=1409133"]
[Date "2016.2.14"]
[Round "-"]
[White "bobifixer"]
[Black "brouqui"]
[Result "0-1"]
[WhiteElo "1923"]
[BlackElo "1814"]

1. d4 e6 2. Nf3 d5 3. g3 c5 4. e3 Qb6 5. Bg2 Nc6 6. O-O Nf6 7. b3 Be7 8. Bb2 c4
9. a3 cxb3 10. cxb3 Ne4 11. Nc3 Na5 12. Nxe4 dxe4 13. Nd2 O-O 14. Bxe4 f5 15.
Bf3 Bd7 16. b4 Nc6 17. Nc4 Qb5 18. Qb3 a5 19. Ne5 Nxe5 20. dxe5 axb4 21. axb4
Rxa1 22. Rxa1 b6 23. Bc3 Kf7 24. Bg2 Bc6 25. Bxc6 Qxc6 26. b5 Qb7 27. Ra4 Rc8
28. Rc4 Qd5 29. Rb4 Bxb4 30. Qxb4 Rc5 31. Qb2 Rxb5 32. Qa1 Rb3 33. h4 b5 34. Bd4
b4 35. h5 Ra3 36. Qc1 Qb7 37. Kh2 Ra2 38. Qb1 Rxf2+ 39. Kh3 Qg2+ 40. Kh4 Qh2+
41. Kg5 Qxg3# 0-1

[Event "Let's Play Chess!"]
[Site "http://www.queenalice.com/game.php?id=1409499"]
[Date "2016.2.15"]
[Round "-"]
[White "tucuman"]
[Black "brouqui"]
[Result "0-1"]
[WhiteElo "1608"]
[BlackElo "1834"]

1. e4 c5 2. c4 Nc6 3. Nc3 Nf6 4. d3 e6 5. e5 Nxe5 6. Nf3 Nc6 7. Bg5 Be7 8. Bd2
O-O 9. Be2 d5 10. cxd5 exd5 11. h3 d4 12. Ne4 Re8 13. Nxf6+ Bxf6 14. O-O a5 15.
Qc1 b6 16. Re1 Bb7 17. a3 Qd5 18. Nh2 Ne5 19. Qd1 Qxg2# 0-1

[Event "Challenge"]
[Site "http://www.queenalice.com/game.php?id=1412930"]
[Date "2016.3.10"]
[Round "-"]
[White "brouqui"]
[Black "christian_labat"]
[Result "0-1"]
[WhiteElo "1825"]
[BlackElo "1938"]

1. e4 c5 2. Nf3 d6 3. d4 cxd4 4. Nxd4 Nf6 5. Nc3 g6 6. Be2 Bg7 7. O-O O-O 8. Nd5
Nxe4 9. Nb5 Na6 10. c3 e6 11. Nf4 d5 12. f3 Qb6+ 13. Qd4 Bxd4+ 14. Nxd4 e5 15.
Nxd5 Qc5 16. Nf6+ Nxf6 0-1

[Event "Vamos jogar uma ?"]
[Site "http://www.queenalice.com/game.php?id=1414863"]
[Date "2016.3.24"]
[Round "-"]
[White "frankcasadio"]
[Black "brouqui"]
[Result "1-0"]
[WhiteElo "1895"]
[BlackElo "1846"]

1. e4 e6 2. Nf3 d5 3. exd5 exd5 4. d4 Nc6 5. Nc3 Nf6 6. Bb5 a6 7. Ba4 b5 8. Bb3
Bb4 9. O-O O-O 10. Bd2 Bg4 11. Bg5 Qd6 12. Qd3 Rfe8 13. Bxf6 Qxf6 14. Nxd5 Qd6
15. Nxb4 Nxb4 16. Qc3 Bxf3 17. Qxf3 Qg6 18. c3 Nd3 19. Bc2 1-0

[Event "Challenge"]
[Site "http://www.queenalice.com/game.php?id=1424290"]
[Date "2016.5.22"]
[Round "-"]
[White "Maverick7500"]
[Black "brouqui"]
[Result "0-1"]
[WhiteElo "1100"]
[BlackElo "1785"]

1. d3 e5 2. g3 d5 3. c4 d4 4. Na3 a6 5. Nf3 Nc6 6. e3 Bg4 7. h3 Bxf3 8. Qxf3 Rb8
9. exd4 Nxd4 10. Qe4 Bd6 11. f4 Nf6 12. Qe3 Qe7 13. Rh2 O-O 14. fxe5 Bxe5 15.
Bd2 Bxg3+ 16. Rf2 Rfe8 17. O-O-O Qxe3 18. Bxe3 Rxe3 19. Nc2 Nxc2 20. Rxc2 Rbe8
21. Rg2 Bf4 22. d4 c6 23. Rf2 Rf3+ 24. Kb1 Rxf2 0-1

[Event "Good Game"]
[Site "http://www.queenalice.com/game.php?id=1425876"]
[Date "2016.6.2"]
[Round "-"]
[White "brouqui"]
[Black "fabricioprado"]
[Result "0-1"]
[WhiteElo "1790"]
[BlackElo "1709"]

1. e4 e5 2. Nf3 Nc6 3. d4 d6 4. Bb5 Bd7 5. d5 Nce7 6. Bxd7+ Qxd7 7. O-O Nf6 8.
Qe2 g6 9. c4 Bg7 10. Nc3 c6 11. Bd2 O-O 12. b4 cxd5 13. cxd5 Rac8 14. a4 a6 15.
b5 Rb8 16. bxa6 bxa6 17. Qxa6 Ra8 18. Qb5 Qc7 19. Qe2 Rfb8 20. Rfc1 Qd7 21. Nb5
Rb7 0-1

[Event "Challenge"]
[Site "http://www.queenalice.com/game.php?id=1427182"]
[Date "2016.6.11"]
[Round "-"]
[White "brouqui"]
[Black "leoreis"]
[Result "0-1"]
[WhiteElo "1770"]
[BlackElo "1863"]

1. e4 e5 2. Nf3 Nc6 3. Bb5 a6 4. Ba4 b5 5. Bb3 Nf6 6. Bd5 Nxd5 7. exd5 Ne7 8.
Nxe5 f6 9. Nd3 Bb7 10. Nf4 Nxd5 11. Nxd5 Bxd5 12. Qh5+ Bf7 13. Qe2+ Qe7 14.
Qxe7+ Bxe7 15. O-O O-O-O 16. d3 d5 17. Bf4 Bd6 18. Bxd6 Rxd6 19. Nd2 Re8 20. Nf3
Bh5 21. Nd4 Bg4 22. f3 Bd7 23. Rfe1 Kd8 24. Rxe8+ Kxe8 25. Re1+ Kf7 26. b4 g6
27. g4 f5 28. h3 fxg4 29. hxg4 h6 30. Kg2 Rf6 31. Kg3 Kf8 32. Re5 c6 33. f4 Kf7
34. g5 hxg5 35. Rxg5 Ke7 36. Re5+ Kd6 37. Nb3 Rf8 38. Nc5 Bc8 39. c3 Rh8 40. Rg5
Rh6 41. a4 a5 42. bxa5 Kxc5 0-1

[Event "Challenge"]
[Site "http://www.queenalice.com/game.php?id=1439750"]
[Date "2016.9.5"]
[Round "-"]
[White "Erlofabr"]
[Black "brouqui"]
[Result "1-0"]
[WhiteElo "1714"]
[BlackElo "1774"]

1. Nf3 Nc6 2. d4 d5 3. c4 e6 4. Bg5 Be7 5. Bf4 Nf6 6. Nc3 a6 7. Ng5 O-O 8. e3 h6
9. Nf3 Bd6 10. Ne5 Qe8 11. Bd3 Nd7 12. Qg4 Ncxe5 13. dxe5 Nxe5 14. Qe2 Nxd3+ 15.
Qxd3 Bxf4 16. exf4 c6 17. O-O Bd7 18. Rfe1 f5 19. Re3 Qf7 20. Rae1 Rfe8 21. Rh3
Qf6 22. Qe2 b5 23. g4 fxg4 24. Qxg4 Qf5 25. Qg3 1-0

[Event "Game 1"]
[Site "http://www.queenalice.com/game.php?id=1452171"]
[Date "2016.11.27"]
[Round "-"]
[White "brouqui"]
[Black "manuelito"]
[Result "1-0"]
[WhiteElo "1756"]
[BlackElo "1563"]

1. e4 e5 2. Nf3 Nc6 3. Bb5 d6 4. d4 Bd7 5. Nc3 exd4 6. Nxd4 Nxd4 7. Bxd7+ Qxd7
8. Qxd4 Nf6 9. O-O Be7 10. Re1 O-O 11. Bf4 Rfe8 12. e5 a6 13. exf6 Bxf6 14. Qb4
b6 15. Nd5 Re6 16. Nxf6+ Rxf6 17. Bg3 a5 18. Qe4 Rd8 19. Bh4 Re6 20. Qd3 Rde8
21. Rxe6 Rxe6 22. f3 h6 23. Re1 Rxe1+ 24. Bxe1 g6 25. h3 Kg7 26. Bc3+ f6 27. Qd4
Qe6 28. b3 Qe1+ 29. Bxe1 1-0

[Event "Challenge"]
[Site "http://www.queenalice.com/game.php?id=1454547"]
[Date "2016.12.13"]
[Round "-"]
[White "brouqui"]
[Black "Excsiu"]
[Result "1-0"]
[WhiteElo "1783"]
[BlackElo "1883"]

1. e4 e5 2. Nf3 Nc6 3. Bb5 Nf6 4. Nc3 a6 5. Ba4 b5 6. Bb3 a5 7. Bd5 Ba6 8. d3
Bc5 9. O-O b4 10. Bxc6 dxc6 11. Na4 Ba7 12. Nxe5 Bb5 13. c4 Ba6 14. b3 Bd4 15.
Nxc6 Qd6 16. Nxd4 Qxd4 17. Be3 Qe5 18. Qf3 Bb7 19. Nc5 Bc8 20. d4 Qe7 21. Rfe1
Bg4 22. Qf4 g5 23. Qe5 Qxe5 24. dxe5 Nd7 25. Nxd7 Bxd7 26. Bxg5 h6 27. Bf6 Rg8
28. f3 a4 29. Kf2 axb3 30. axb3 Rb8 31. Ra7 c5 32. Rd1 Bc6 33. Rc7 Ba8 34. Rdd7
Rb7 35. Rc8+ Kxd7 36. Rxg8 Ra7 37. Rd8+ Kc7 38. Rd3 Ra2+ 39. Kg3 Bc6 40. Kh3
Bd7+ 41. g4 h5 42. Kg3 hxg4 43. f4 Ra1 44. f5 Rg1+ 45. Kf2 Ra1 46. Re3 Ra8 47.
h4 Rg8 48. Kg3 1-0

[Event "Challenge"]
[Site "http://www.queenalice.com/game.php?id=1458438"]
[Date "2017.1.7"]
[Round "-"]
[White "Lordul"]
[Black "brouqui"]
[Result "0-1"]
[WhiteElo "1849"]
[BlackElo "1764"]

1. d4 e6 2. e4 d5 3. e5 c5 4. c3 Nc6 5. Bb5 Bd7 6. Bxc6 Bxc6 7. h4 Qb6 8. Ne2
cxd4 9. Qxd4 Bc5 10. Qf4 Ne7 11. b4 Bxf2+ 12. Qxf2 Qxf2+ 13. Kxf2 O-O 14. Na3
Ng6 15. Bf4 f6 16. Kg3 fxe5 17. Be3 Rf5 18. b5 Bd7 19. Raf1 Raf8 20. Rd1 b6 21.
c4 d4 22. Bd2 Nf4 23. Bxf4 exf4+ 24. Kf3 e5 25. Nb1 R5f7 26. h5 h6 27. a3 Bc8
28. Kf2 Bb7 29. Rh3 f3 30. Ng3 fxg2+ 31. Kg1 Rf3 32. a4 Kh7 33. Nd2 Rf2 34. Nge4
Bxe4 35. Kh2 g1=Q+ 36. Kxg1 Rg2+ 37. Kh1 Rxd2+ 38. Kg1 Rxd1+ 39. Kh2 Rh1+ 0-1

[Event "Game 2"]
[Site "http://www.queenalice.com/game.php?id=1465203"]
[Date "2017.2.17"]
[Round "-"]
[White "brouqui"]
[Black "Delbo"]
[Result "0-1"]
[WhiteElo "1783"]
[BlackElo "1974"]

1. e4 e5 2. Nf3 Nc6 3. Bb5 a6 4. Bxc6 bxc6 5. O-O d6 6. d4 f6 7. Nc3 Bg4 8. dxe5
fxe5 9. h3 Bxf3 10. Qxf3 Qf6 11. Qe2 Ne7 12. Be3 Ng6 13. Qc4 Ne7 14. f4 Kd7 15.
Rad1 Nc8 16. fxe5 Qxe5 17. Rf5 Qe6 18. Qxe6+ Kxe6 19. Rdf1 Be7 20. Bd4 Rg8 21.
Rf7 Bf6 22. Bxf6 gxf6 23. R7xf6+ Ke5 24. g4 Ne7 25. Rf7 Rae8 26. Kg2 h5 27. Kg3
d5 28. exd5 cxd5 29. Re1+ Kd6 30. Rf6+ Kd7 31. Ref1 c6 32. Na4 Rb8 33. Nc5+ Ke8
34. b3 hxg4 35. hxg4 Rb4 36. R1f4 Rxf4 37. Kxf4 d4 38. Ne6 Nd5+ 0-1

[Event "Game 1"]
[Site "http://www.queenalice.com/game.php?id=1465204"]
[Date "2017.2.17"]
[Round "-"]
[White "Delbo"]
[Black "brouqui"]
[Result "1-0"]
[WhiteElo "1982"]
[BlackElo "1775"]

1. e4 e6 2. d4 d5 3. e5 c5 4. Nf3 Qb6 5. Nc3 Nc6 6. Be2 Nge7 7. O-O Nf5 8. Na4
Qa5 9. Nxc5 Bxc5 10. dxc5 Qxc5 11. Be3 Qe7 12. c3 O-O 13. b4 b6 14. Rc1 Nxe3 15.
fxe3 Bb7 16. a3 a6 17. c4 Rfd8 18. Qb3 dxc4 19. Rxc4 b5 20. Rc2 Rd5 21. e4 Rd7
22. Rd1 Rad8 23. Rxd7 Rxd7 24. Qe3 Qd8 25. Kf2 Nd4 26. Nxd4 Rxd4 27. Bf3 Rd3 28.
Qc1 h6 29. Ke2 Kh7 30. Rc7 Rd2+ 31. Qxd2 Qxc7 32. Qd4 Qc2+ 33. Ke3 Qc1+ 34. Kf2
Qc8 35. h4 Qc7 36. Qc5 Qd8 37. Kg3 f6 38. Qd6 Qc8 39. exf6 gxf6 40. Qe7+ Kg6 41.
h5+ Kg5 42. Qg7# 1-0

[Event "Good Game "]
[Site "http://www.queenalice.com/game.php?id=1471840"]
[Date "2017.4.4"]
[Round "-"]
[White "brouqui"]
[Black "ulisses34"]
[Result "1-0"]
[WhiteElo "1769"]
[BlackElo "1709"]

1. e4 c6 2. d4 d6 3. Nf3 e6 4. e5 dxe5 5. Nxe5 Bd6 6. Nf3 Ne7 7. Be2 Qa5+ 8. Bd2
Qb6 9. Bc3 Nd5 10. O-O O-O 11. Nbd2 Nf6 12. Nc4 Qc7 13. Nxd6 Qxd6 14. a3 Ne4 15.
Bb4 c5 16. dxc5 Qxd1 17. Raxd1 Nd7 18. c6 Ndc5 19. cxb7 Bxb7 20. Ne5 Rfd8 21. f3
Rxd1 22. Rxd1 Rc8 23. fxe4 Nxe4 24. c3 h6 25. Bf3 Bd5 26. Rd4 f5 27. Ng6 Kf7 28.
Ne7 Rc7 29. Nxd5 exd5 30. Rxd5 Nf6 31. Rxf5 Kg6 32. Re5 h5 33. h4 Rc4 34. g3 Kh6
35. Kg2 Rc7 36. Kh3 Rf7 37. Re7 1-0

[Event "Good Game 1"]
[Site "http://www.queenalice.com/game.php?id=1477012"]
[Date "2017.5.6"]
[Round "-"]
[White "brouqui"]
[Black "fontaine"]
[Result "0-1"]
[WhiteElo "1803"]
[BlackElo "2662"]

1. e4 d6 2. d4 Nf6 3. Nc3 g6 4. Nf3 Bg7 5. h3 O-O 6. Be2 c6 7. O-O Nbd7 8. Bc4
b5 9. Bb3 b4 10. Na4 Nxe4 11. Ng5 Nxg5 12. Bxg5 Nf6 13. Qf3 Bd7 14. c3 Qa5 15.
Rfd1 Qxg5 16. d5 Nxd5 17. cxb4 Nf4 18. g4 h5 0-1

[Event "Venez jouer aux échecs"]
[Site "http://www.queenalice.com/game.php?id=1623494"]
[Date "2020.8.12"]
[Round "-"]
[White "brouqui"]
[Black "bobifixer"]
[Result "0-1"]
[WhiteElo "1801"]
[BlackElo "1976"]

1. e4 c5 2. Nc3 Nc6 3. Nf3 d6 4. Bb5 Bd7 5. O-O Nf6 6. d4 cxd4 7. Nxd4 e6 8. Bg5
Be7 9. Nf3 a6 10. Ba4 O-O 11. Re1 b5 12. Bb3 h6 13. Be3 Qc7 14. a4 b4 15. Na2 a5
16. Bd2 Rac8 17. c3 bxc3 18. Bxc3 Ne5 19. Rc1 Nxf3+ 20. Qxf3 Qb7 21. Bd1 Qb6 22.
e5 dxe5 23. Rxe5 Nd5 24. Qg3 Nxc3 25. Nxc3 Bd6 0-1